Histochemical and electronmicroscopic study of the brain of the AF64A-treated rat
Elmentve itt :
| Szerzők: | |
|---|---|
| Dokumentumtípus: | Könyv része |
| Megjelent: |
Plenum Press
New York, London
1986
|
| Sorozat: | ADVANCES IN BEHAVIORAL BIOLOGY
Alzheimer's and Parkinson's diseases : Strategies for Research and Development. [Proceedings of the thirtieth OHOlO Conference on Basic and Therapeutic Strategies in Alzheimer's and Other Related Neuropsychiatric Disorders]. |
| Tárgyszavak: | |
| doi: | 10.1007/978-1-4613-2179-8_51 |
| mtmt: | 2585100 |
| Online Access: | http://publicatio.bibl.u-szeged.hu/33387 |
| LEADER | 01120naa a2200265 i 4500 | ||
|---|---|---|---|
| 001 | publ33387 | ||
| 005 | 20250522081328.0 | ||
| 008 | 250522s1986 hu o 000 eng d | ||
| 020 | |a 9781461292838 | ||
| 024 | 7 | |a 10.1007/978-1-4613-2179-8_51 |2 doi | |
| 024 | 7 | |a 2585100 |2 mtmt | |
| 040 | |a SZTE Publicatio Repozitórium |b hun | ||
| 041 | |a eng | ||
| 100 | 1 | |a Kása Péter | |
| 245 | 1 | 0 | |a Histochemical and electronmicroscopic study of the brain of the AF64A-treated rat |h [elektronikus dokumentum] / |c Kása Péter |
| 260 | |a Plenum Press |b New York, London |c 1986 | ||
| 300 | |a 14 | ||
| 300 | |a 447-460 | ||
| 490 | 0 | |a ADVANCES IN BEHAVIORAL BIOLOGY | |
| 490 | 0 | |a Alzheimer's and Parkinson's diseases : Strategies for Research and Development. [Proceedings of the thirtieth OHOlO Conference on Basic and Therapeutic Strategies in Alzheimer's and Other Related Neuropsychiatric Disorders]. | |
| 650 | 4 | |a Általános orvostudomány | |
| 700 | 0 | 1 | |a Szerdahelyi Péter |e aut |
| 700 | 0 | 1 | |a Fisher Abraham |e aut |
| 700 | 0 | 1 | |a Hanin Israel |e aut |
| 856 | 4 | 0 | |u http://publicatio.bibl.u-szeged.hu/33387/1/aok_klny_532_86.pdf |z Dokumentum-elérés |